Ciudad, individuo y psicología: Freud, detective privado

Salvato in:
Dettagli Bibliografici
Autore principale: Pérez Alvarez, Marino (Autore)
Natura: Libro
Lingua:spagnolo
Pubblicazione: Madrid Siglo XXI 1992
Edizione:1a. ed
Serie:Psicología, Etología y Psicoanálisis
Soggetti:
Tags: Aggiungi Tag
Nessun Tag, puoi essere il primo ad aggiungerne!!

MARC

LEADER 00000cam a2200000 a 4500
001 UCE2377
003 CL-VaPUC
008 140703e19920000sp |||||||||||||||||spa|d
020 |a 8432307580 
082 0 4 |a 155.94  |b PER  |2 21 
100 0 |a Pérez Alvarez, Marino  |e author  |9 574825 
245 1 0 |a Ciudad, individuo y psicología: Freud, detective privado 
250 |a 1a. ed 
300 |a 307 p 
942 |c BK 
945 |d 20140703 14:09:00  |a cmena 
260 |a Madrid  |b Siglo XXI  |c 1992 
650 0 |a Psicoanálisis   |9 265702 
650 0 |a Ciudades  |9 265474 
650 0 |a Antropología cultural y social   |9 265143 
650 0 |a Vida cotidiana   |9 322355 
650 7 |a TRASTORNOS PSICOLOGICOS  |2 CL-VaPUC  |9 459171 
583 |a last modification  |c 20140703 14:09:00  |k Rodrigo Vera 
490 0 |a Psicología, Etología y Psicoanálisis 
999 |c 355981  |d 355979 
952 |0 0  |1 0  |3 erb  |4 0  |6 155_940000000000000_PER_1992  |7 0  |8 R  |9 463046  |a BIBEDU  |b BIBEDU  |c MCIRC  |i 5087929  |o 155.94 PER 1992  |p 5087929  |r 2023-01-13  |w 2019-11-23  |y BK_R  |z Catalogado en:20140703  |k PSI